Angefragte Identität: zur interreligiösen Öffnung der Diakonie vor dem Hintergrund des Wandels religiöser Sozialformen

Saved in:
Bibliographic Details
Main Author: Eurich, Johannes (Author)
Format: Chapter/Article Conference Paper
Language:German
Published: 2021
In: Phänomene und Diskurse des Interreligiösen
Year: 2021, Pages: 255-270
Online Access: Get full text
Author Notes:Johannes Eurich

MARC

LEADER 00000caa a2200000 c 4500
001 1761801104
003 DE-627
005 20230126154731.0
007 tu
008 210702s2021 xx ||||| 00| ||ger c
035 |a (DE-627)1761801104 
035 |a (DE-599)KXP1761801104 
035 |a (OCoLC)1341418109 
040 |a DE-627  |b ger  |c DE-627  |e rda 
041 |a ger 
084 |a 12  |2 sdnb 
084 |a 1  |a 0  |2 ssgn 
100 1 |a Eurich, Johannes  |d 1962-  |e VerfasserIn  |0 (DE-588)13237269X  |0 (DE-627)521913527  |0 (DE-576)18288354X  |4 aut 
245 1 0 |a Angefragte Identität  |b zur interreligiösen Öffnung der Diakonie vor dem Hintergrund des Wandels religiöser Sozialformen  |c Johannes Eurich 
264 1 |c 2021 
300 |a 16 
336 |a Text  |b txt  |2 rdacontent 
337 |a ohne Hilfsmittel zu benutzen  |b n  |2 rdamedia 
338 |a Band  |b nc  |2 rdacarrier 
773 0 8 |i Enthalten in  |a Formen und Funktionen der Interreligiosität (Veranstaltung : 2018 : Heidelberg)  |t Phänomene und Diskurse des Interreligiösen  |d Tübingen : Mohr Siebeck, 2021  |g (2021), Seite 255-270  |h IX, 343 Seiten  |w (DE-627)1755671024  |z 9783161592546  |z 3161592549  |7 nnam 
773 1 8 |g year:2021  |g pages:255-270  |g extent:16  |a Angefragte Identität zur interreligiösen Öffnung der Diakonie vor dem Hintergrund des Wandels religiöser Sozialformen 
776 0 8 |i Erscheint auch als  |n Online-Ausgabe  |a Eurich, Johannes, 1962 -   |t Angefragte Identität  |d 2021  |w (DE-627)1762745127 
951 |a AR 
992 |a 20210712 
993 |a ConferencePaper 
998 |g 13237269X  |a Eurich, Johannes  |m 13237269X:Eurich, Johannes  |d 10000  |d 10600  |d 10000  |e 10000PE13237269X  |e 10600PE13237269X  |e 10000PE13237269X  |k 0/10000/  |k 1/10000/10600/  |k 0/10000/  |p 1  |x j  |y j 
999 |a KXP-PPN1761801104  |e 3947890990 
BIB |a Y 
JSO |a {"recId":"1761801104","person":[{"role":"aut","family":"Eurich","given":"Johannes","display":"Eurich, Johannes"}],"language":["ger"],"id":{"eki":["1761801104"]},"physDesc":[{"extent":"16 S."}],"type":{"bibl":"chapter"},"name":{"displayForm":["Johannes Eurich"]},"origin":[{"dateIssuedDisp":"2021","dateIssuedKey":"2021"}],"relHost":[{"corporate":[{"display":"Formen und Funktionen der Interreligiosität (2018, Heidelberg)","role":"aut"},{"role":"pbl","display":"Mohr Siebeck GmbH & Co. KG"}],"note":["Vorwort: \"Der vorliegende Band geht auf die im Oktober 2018 von der Universität Heidelberg organisierte internationale Tagung \"Formen und Funktionen der Interreligiosität\" zurück.\""],"language":["ger"],"physDesc":[{"extent":"IX, 343 Seiten"}],"part":{"text":"(2021), Seite 255-270","year":"2021","extent":"16","pages":"255-270"},"relMultPart":[{"part":{"number_sort":["83"],"number":["83"]},"disp":"Hermeneutische Untersuchungen zur Theologie","title":[{"title":"Hermeneutische Untersuchungen zur Theologie","title_sort":"Hermeneutische Untersuchungen zur Theologie"}],"origin":[{"dateIssuedKey":"1962","publisher":"Mohr Siebeck","dateIssuedDisp":"1962-","publisherPlace":"Tübingen"}],"dispAlt":"Hermeneutische Untersuchungen zur Theologie","physDesc":[{"noteFormat":"24 cm"}],"type":{"bibl":"serial"},"pubHistory":["1.1962 -"],"language":["ger","eng"],"recId":"130210528","id":{"eki":["130210528"],"issn":["0440-7180"],"zdb":["534572-8"]}}],"origin":[{"dateIssuedKey":"2021","publisherPlace":"Tübingen","dateIssuedDisp":"[2021]","publisher":"Mohr Siebeck"}],"title":[{"title":"Phänomene und Diskurse des Interreligiösen","title_sort":"Phänomene und Diskurse des Interreligiösen","subtitle":"Beiträge aus christlicher Perspektive"}],"recId":"1755671024","person":[{"given":"Johannes","display":"Eurich, Johannes","role":"edt","family":"Eurich"},{"role":"edt","family":"Lienhard","display":"Lienhard, Fritz","given":"Fritz"},{"given":"Manfred","display":"Oeming, Manfred","role":"edt","family":"Oeming"},{"family":"Stoellger","role":"edt","given":"Philipp","display":"Stoellger, Philipp"},{"family":"Stoppel","role":"edt","display":"Stoppel, Hendrik","given":"Hendrik"}],"id":{"isbn":["9783161592546","3161592549"],"eki":["1755671024"]},"type":{"bibl":"book"},"name":{"displayForm":["herausgegeben von Johannes Eurich, Fritz Lienhard, Manfred Oeming, Philipp Stoellger und Hendrik Stoppel"]},"disp":"Formen und Funktionen der Interreligiosität (Veranstaltung : 2018 : Heidelberg)Phänomene und Diskurse des Interreligiösen"}],"title":[{"title":"Angefragte Identität","title_sort":"Angefragte Identität","subtitle":"zur interreligiösen Öffnung der Diakonie vor dem Hintergrund des Wandels religiöser Sozialformen"}]} 
SRT |a EURICHJOHAANGEFRAGTE2021